| 000 | 00633nam a22002297a 4500 | ||
|---|---|---|---|
| 003 | NALT | ||
| 005 | 20250924150040.0 | ||
| 008 | s2012 eng d | ||
| 020 | _a9781780092577 | ||
| 040 | _aNALT | ||
| 041 | _aeng | ||
| 050 |
_aG 2565 _bS68 2012 |
||
| 245 | 1 | 0 | _aSouth Africa : travel atlas. |
| 250 | _a9th. | ||
| 260 |
_aLondon : _bNew Holland, _c2012 |
||
| 300 |
_a95 p. : _bill. maps, tables ; _c28 cm. |
||
| 650 | 0 |
_aRoads _zSouth Africa _xMaps _966615 |
|
| 651 | 0 |
_aSouth Africa _xMaps, Tourist _966616 |
|
| 651 | 0 |
_aSouth Africa _xDescription and travel _966617 |
|
| 850 | _aNALT | ||
| 942 |
_cGB _2lcc |
||
| 999 |
_c74076 _d74076 |
||
| 998 |
_j104 _k นางสาวสายฝน ดีงาม |
||